Hospital Planning And Administration (Record no. 156162)

MARC details
000 -LEADER
fixed length control field 00378nam a2200133Ia 4500
008 - FIXED-LENGTH DATA ELEMENTS--GENERAL INFORMATION
fixed length control field 230411s9999 xx 000 0 und d
041 ## - LANGUAGE CODE
Language code of text/sound track or separate title eng
082 ## - DEWEY DECIMAL CLASSIFICATION NUMBER
Classification number AD/362.173078/LLE/MAC/B05654
100 ## - MAIN ENTRY--PERSONAL NAME
Personal name Macaulay H & Llewellyn R
9 (RLIN) 177128
245 ## - TITLE STATEMENT
Title Hospital Planning And Administration
260 ## - PUBLICATION, DISTRIBUTION, ETC. (IMPRINT)
Name of publisher, distributor, etc. Jaypee Brothers
Place of publication, distribution, etc. New Delhi
Date of publication, distribution, etc. 1995
300 ## - PHYSICAL DESCRIPTION
Extent 215p
Holdings
Withdrawn status Lost status Damaged status Not for loan Collection code Home library Current library Date acquired Vendor Cost, normal purchase price Bill number Total Checkouts Full call number Barcode Date last seen Cost, replacement price Bill Date Koha item type Original Barcode
          Smt. Bakul Tambat Institute of Nursing Education Smt. Bakul Tambat Institute of Nursing Education 28/02/2009 Jaypee Brothers Medical Publishers 95.00 22   AD 362.173078 LLE MAC B05654 BTIN-BK-5654 11/04/2023 69.00 06/10/2004 Books B05654